000 01761nam a22004337a 4500
003 CHAP
005 20220329143257.0
008 071207s2007 mx r 00010 spa d
010 _a94319
011 _a95291
035 _a105910
040 _cCHAP
090 _aTesis
100 1 _aPérez Martínez, Zyanya Nochipa.
_989838
245 1 0 _aEfecto de la cobertura vegetal sobre la densidad de población de codorniz escamosa (Callipepla squamata Vigors) en el rancho Campo Santamaría, Nuevo León
_c/por Zyanya Nochipa Pérez Martínez
260 _aBermejillo, Dgo. :
_bEl autor,
_c2007
300 _a57 h. :
_bcuadros; mapas
502 _aTesis (Ing. Agr. Especialista en Sistemas Pecuarios de Zonas Aridas) -- UACH. Unidad Regional Universitaria de Zonas Aridas
530 _aTambién disponible en línea
590 _aALEPH
_b10
_c20130110
_lUCH01
_h1521
590 _aBATCH-UPD
_b10
_c20130110
_lUCH01
_h0224
590 _aBATCH-UPD
_b10
_c20130110
_lUCH01
_h1644
590 _aBATCH-UPD
_b10
_c20130409
_lUCH01
_h2246
590 _aBATCH-UPD
_b10
_c20130410
_lUCH01
_h1158
590 _aBATCH-UPD
_b10
_c20130914
_lUCH01
_h0439
590 _aBATCH-UPD
_b10
_c20140324
_lUCH01
_h1505
590 _aBATCH-UPD
_b10
_c20141002
_lUCH01
_h0835
590 _aCONVERSION
_b10
_c20130109
_lUCH01
_h1352
650 1 4 _aAves
_xReproducción.
_98624
650 1 4 _aCodorniz.
_924300
650 1 4 _aCodorniz
_xAlimentación.
_924301
650 1 4 _aVida silvestre.
_9119155
856 _3Finding aid
_uhttp://10.13.5.2/tesis/105910.pdf
_zTeclea aqui
901 _aBK
905 _aElisama A. H.
942 _cFOLL
949 _aTesis
_bBC
_cTES
_d33724002045306
_eTS2
_fc.2
_gDonaciØn
_h47447
_i105910
_sb
949 _aTesis
_bBC
_cTES
_d33724002045347
_eTS1
_gDonaciØn
_h47446
_i105910
_sb
999 _c94319
_d94319